000 00589nam a22001937a 4500
003 URS
005 20220114171636.0
008 170327b xxu||||| |||| 00| 0 eng d
020 _a0897747364
050 1 4 _aHF 54.5
_bP33
100 1 _aPagell, Ruth,
_d1994-
_eauthor
245 1 0 _aInternational business information :
_bhow to find it, how to use it /
_cRuth A. Pagell.
264 1 _aPhoenix, Arizona :
_bThe Onyx Press,
_c©1994.
300 _axii, 369 pages :
_c26 cm
336 _2rdacontent
_atext
337 _2rdamedia
_aunmediated
338 _2rdacarrier
_avolume
942 _cFR
_2lcc
999 _c14375
_d14375